[Event "2025 Washington State Championship - Premier"]
[Site "Lakeside Upper School, 14050 1st Avenue NE, Seattle, WA, USA"]
[Date "2025.02.08"]
[Round "1"]
[Board "4"]
[White "Pupols, Viktors"]
[Black "Zhu, Jamie Zhongyun"]
[Result "0-1"]
[WhiteElo "1827"]
[BlackElo "1976"]
[PlyCount "0"]
[EventDate "2025.02.08"]
[EventRounds "9"]
[EventCountry "USA"]

1. Nf3 Nf6 2. d4 g6 3. c3 Bg7 4. Bf4 O-O 5. Nbd2 d6 6. e4 c5 7. dxc5 dxc5 8. Be2
b6 9. Qc2 Bb7 10. O-O Qc8 11. h3 Nxe4 12. Nxe4 Qf5 13. Qd2 Qxe4 14. Rfe1 Qd5 15.
Bf1 Qxd2 16. Nxd2 Nc6 17. Nc4 b5 18. Ne5 b4 19. cxb4 cxb4 20. Nxc6 Bxc6 21. Rac1
Bd5 22. b3 e6 23. Ba6 Bc3 24. Re2 Rfd8 25. Kf1 Rd7 26. Kg1 Rad8 27. Bb5 Rb7 28. Ba4
a6 29. Rd1 Rc8 30. Kh2 f6 31. f3 Kf7 32. Bg3 h5 33. Rd3 a5 34. Rd1 g5 35. Rd3 h4
36. Bf2 Be5+ 37. Kg1 Rc1+ 38. Re1 Rc2 39. Be3 Bc3 40. Red1 Rxa2 41. Rxd5 exd5 42.
Bc6 Re7 43. Bxd5+ Kg7 44. Be4 a4 45. bxa4 Rxa4 46. Bd4 Ra1 47. Rxa1 Bxd4+  0-1

[Event "2025 Washington State Championship - Premier"]
[Site "Lakeside Upper School, 14050 1st Avenue NE, Seattle, WA, USA"]
[Date "2025.02.08"]
[Round "1"]
[Board "5"]
[White "Kuipers, Miles Yongkang"]
[Black "Rozenfeld, Yevgeniy"]
[Result "1/2-1/2"]
[WhiteElo "1936"]
[BlackElo "1947"]
[PlyCount "0"]
[EventDate "2025.02.08"]
[EventRounds "9"]
[EventCountry "USA"]

1. e4 c5 2. Nf3 e6 3. b4 cxb4 4. d4 d5 5. e5 Nc6 6. a3 Bd7 7. axb4 Bxb4+ 8. c3 Be7
9. Na3 a6 10. Be2 Rc8 11. c4 Bb4+ 12. Kf1 Nge7 13. h4 dxc4 14. Nxc4 Nd5 15. Bg5 Qc7
16. Bd3 b5 17. Nd6+ Bxd6 18. exd6 Qxd6 19. Rxa6 Ndb4 20. Rb6 h6 21. Be3 Nxd3 22.
Qxd3 b4 23. Nd2 Qc7 24. Nc4 O-O 25. Rh3 Rfd8 26. Rg3 Nxd4 27. Bxd4 Qxc4 28. Rxg7+
Kf8 29. Qxc4 Rxc4 30. Bf6 Rdc8 31. Rh7 Rg4 32. Rxb4 Rg6 33. Rh8+ Rg8 34. Rxh6 Bc6
35. f3 Bd5 36. Rg4 Rxg4 37. fxg4 Rc1+ 38. Kf2 Ke8 39. Rh8+ Kd7 40. h5 Rc2+ 41. Ke3
Rxg2 42. Rd8+ Kc7 43. Rg8 Rg3+ 44. Kd4 Rh3 45. Rg7 Kc6 46. Ke5 Bf3 47. Kf4 Bd1 48.
Rxf7 Rf3+ 49. Ke4 Rg3 50. Rg7  1/2-1/2

[Event "2025 Washington State Championship - Premier"]
[Site "Lakeside Upper School, 14050 1st Avenue NE, Seattle, WA, USA"]
[Date "2025.02.08"]
[Round "2"]
[Board "1"]
[White "Kona, Vidip"]
[Black "Rozenfeld, Yevgeniy"]
[Result "1-0"]
[WhiteElo "2157"]
[BlackElo "1947"]
[PlyCount "0"]
[EventDate "2025.02.08"]
[EventRounds "9"]
[EventCountry "USA"]

1. Nf3 Nf6 2. c4 g6 3. b4 Bg7 4. Bb2 O-O 5. g3 Nc6 6. b5 Na5 7. d3 a6 8. a4 d5 9.
Nbd2 b6 10. Bg2 Bb7 11. O-O dxc4 12. dxc4 Ne4 13. Bxg7 Kxg7 14. Nxe4 Bxe4 15. Qc1
Qd6 16. Qc3+ Qf6 17. Qe3 Bb7 18. Rac1 Rad8 19. c5 axb5 20. axb5 Rfe8 21. c6 Bc8 22.
Ne5 Rd6 23. f4 Be6 24. g4 Qh4 25. f5 Bb3 26. Rf3 f6 27. Nd3 Nc4 28. Qf2 Qxf2+ 29.
Kxf2 Nd2 30. Rf4 e5 31. Rb4 Bf7 32. Rc3 Rd4 33. e3 Rxb4 34. Nxb4 Nc4 35. Na6 Re7
36. Rd3 Be8 37. Rd8 Nd6 38. Nxc7 Rxc7 39. Rxd6 gxf5 40. gxf5 Kf7 41. Bd5+ Kg7 42.
Be6 Kf8 43. Bd7 Bf7 44. Rxf6 Ke7 45. Rh6 Bc4 46. Rxh7+ Kf6 47. Rh6+ Kg7 48. Rg6+
Kf8 49. Be6 Bxe6 50. Rxe6 Kf7 51. Rd6 Ke8 52. Rd7 Rc8 53. Rh7  1-0

[Event "2025 Washington State Championship - Premier"]
[Site "Lakeside Upper School, 14050 1st Avenue NE, Seattle, WA, USA"]
[Date "2025.02.08"]
[Round "2"]
[Board "2"]
[White "Zhu, Jamie Zhongyun"]
[Black "Kuipers, Miles Yongkang"]
[Result "1/2-1/2"]
[WhiteElo "1976"]
[BlackElo "1936"]
[PlyCount "0"]
[EventDate "2025.02.08"]
[EventRounds "9"]
[EventCountry "USA"]

1. c4 Nf6 2. Nc3 c5 3. g3 g6 4. Bg2 Nc6 5. d3 Bg7 6. Qd2 O-O 7. b3 b6 8. Bb2 Bb7
9. e3 e6 10. Nge2 d5 11. cxd5 exd5 12. d4 cxd4 13. exd4 Re8 14. O-O Qd7 15. Nf4 Ne7
16. Rfe1 Nf5 17. Rad1 Rad8 18. Qd3 Bh6 19. Re5 Bxf4 20. gxf4 Nh5 21. Nxd5 Rxe5 22.
dxe5 Bxd5 23. Qxd5  1/2-1/2

[Event "2025 Washington State Championship - Premier"]
[Site "Lakeside Upper School, 14050 1st Avenue NE, Seattle, WA, USA"]
[Date "2025.02.08"]
[Round "2"]
[Board "3"]
[White "Gavrish, Leonid"]
[Black "Pupols, Viktors"]
[Result "1-0"]
[WhiteElo "1919"]
[BlackElo "1827"]
[PlyCount "0"]
[EventDate "2025.02.08"]
[EventRounds "9"]
[EventCountry "USA"]

1. d4 d5 2. c4 dxc4 3. e4 e5 4. Nf3 exd4 5. Bxc4 Be6 6. Bxe6 fxe6 7. Nxd4 Qd6 8.
Qh5+ g6 9. Qb5+ Nd7 10. Qxb7 Rb8 11. Qxa7 Bg7 12. Nb3 Ne7 13. O-O Nc6 14. Qe3 Nb4
15. Qe2 Nxa2 16. Rxa2 Rxb3 17. Nd2 Rb8 18. Ra6 Qe7 19. Qc4 Nb6 20. Qa2 O-O 21. Nc4
Nxc4 22. Qxc4 Rfe8 23. Rc6 Rb4 24. Qc2 Rb7 25. h3 Bd4 26. Rd1 Qf6 27. Rd3 Qe5 28.
Rf3 Bxb2 29. Bf4 Qa5 30. Bxc7 Qe1+ 31. Kh2 Rxc7 32. Rxc7 Be5+ 33. g3 Bxc7 34. Qxc7
Rf8 35. Rxf8+ Kxf8 36. Qf4+ Ke7 37. Kg2 Qe2 38. e5 Ke8 39. Qa4+ Kf8 40. Qf4+ Ke8
41. Qf6 Qe4+ 42. Kh2 Qf5 43. Qxf5 gxf5 44. g4 fxg4 45. hxg4 Kf7 46. Kg3 Kg6 47. Kh4
h6 48. f3 Kg7 49. Kh5 Kh7 50. f4 Kg7 51. f5  1-0

[Event "2025 Washington State Championship - Premier"]
[Site "Lakeside Upper School, 14050 1st Avenue NE, Seattle, WA, USA"]
[Date "2025.02.08"]
[Round "2"]
[Board "4"]
[White "Larson, Gerald"]
[Black "Gottumukkala, Ananth"]
[Result "0-1"]
[WhiteElo "1966"]
[BlackElo "2025"]
[PlyCount "0"]
[EventDate "2025.02.08"]
[EventRounds "9"]
[EventCountry "USA"]

1. e4 c5 2. Nf3 d6 3. d4 cxd4 4. Nxd4 Nf6 5. Nc3 a6 6. Bc4 e6 7. Be3 b5 8. Bb3 Be7
9. a3 O-O 10. Qe2 Bb7 11. f3 Nc6 12. O-O-O Na5 13. Ba2 Qc7 14. Kb1 Rfc8 15. Bc1 Qb6
16. Be3 Rxc3 17. bxc3 Qc7 18. Bc1 d5 19. exd5 Bxd5 20. Bxd5 Nxd5 21. Bb2 Bxa3 22.
Nxb5 axb5 23. Rxd5 Bxb2 24. Rxb5 Nc4 25. Rxb2 Nxb2 26. Kxb2 Qa5  0-1

[Event "2025 Washington State Championship - Premier"]
[Site "Lakeside Upper School, 14050 1st Avenue NE, Seattle, WA, USA"]
[Date "2025.02.08"]
[Round "2"]
[Board "5"]
[White "Sprumont, Oscar"]
[Black "Vijayakumar, Advaith"]
[Result "1-0"]
[WhiteElo "1959"]
[BlackElo "2204"]
[PlyCount "0"]
[EventDate "2025.02.08"]
[EventRounds "9"]
[EventCountry "USA"]

1. Nf3 Nf6 2. g3 d5 3. Bg2 e6 4. c4 Be7 5. O-O O-O 6. b3 b6 7. d4 Bb7 8. Nc3 dxc4
9. bxc4 c5 10. d5 exd5 11. Nh4 Ne4 12. Nxd5 Bxd5 13. cxd5 Nd6 14. e4 Bf6 15. Rb1
Re8 16. Re1 Nd7 17. Bf4 Ne5 18. Bxe5 Bxe5 19. Nf3 Bc3 20. Re3 Qf6 21. Qd3 Bd4 22.
Ree1 Bc3 23. Re3 Bd4 24. Ree1 Rac8 25. Nxd4 Qxd4 26. Qxd4 cxd4 27. Rbd1 Rc4 28. e5
Nb7 29. Bf1 Rb4 30. Re4 Nc5 31. Rexd4 Rxd4 32. Rxd4 Rxe5 33. d6 Re8 34. f4 g6 35.
Kf2 Rd8 36. Bg2 Kg7 37. Ke3 Kf6 38. Kd2 Ne6 39. Rd3 Nc5 40. Rd4 Ne6 41. Rd3 h6 42.
Kc3 g5 43. fxg5+ hxg5 44. Kc4 Nc5 45. Rd2 Ke6 46. Bd5+ Ke5 47. Re2+ Kxd6 48. Bxf7
Rf8 49. Bh5 Rf1 50. Kc3 Kd5 51. Bg6 Rf3+ 52. Kb2 a5 53. Bh5 Rf1 54. h4 gxh4 55. gxh4
Nd3+ 56. Kc3 Nf4 57. Bf7+ Kc5 58. Rh2 Rf3+ 59. Kd2 Kd4 60. h5 Rh3 61. Rxh3 Nxh3 62.
h6 Ng5 63. Bg6 Kc4 64. Kc2 Kb4 65. Kb2 b5 66. h7 Nxh7 67. Bxh7 a4 68. a3+ Kc4 69.
Bg8+ Kd3 70. Be6 Kd4 71. Bh3 Kc4 72. Bf1+ Kc5 73. Kc3 Kc6  1-0

[Event "2025 Washington State Championship - Premier"]
[Site "Lakeside Upper School, 14050 1st Avenue NE, Seattle, WA, USA"]
[Date "2025.02.09"]
[Round "3"]
[Board "1"]
[White "Vijayakumar, Advaith"]
[Black "Kona, Vidip"]
[Result "1-0"]
[WhiteElo "2204"]
[BlackElo "2157"]
[PlyCount "0"]
[EventDate "2025.02.08"]
[EventRounds "9"]
[EventCountry "USA"]

1. d4 d5 2. Nf3 Nf6 3. c4 e6 4. Nc3 Be7 5. cxd5 exd5 6. Bg5 Nbd7 7. e3 c6 8. Bd3
O-O 9. Qc2 Re8 10. O-O Nf8 11. Rab1 a5 12. a3 g6 13. b4 b5 14. Ne5 Bb7 15. Ne2 Rc8
16. Nf4 Kg7 17. h4 N6d7 18. Bh6+ Kg8 19. h5 Nxe5 20. dxe5 Bg5 21. Bxf8 Kxf8 22. hxg6
hxg6 23. Nxg6+ Kg7 24. Nf4 Bxf4 25. exf4 Rh8 26. g3 axb4 27. axb4 d4 28. Qc5 Qd7
29. f5 Rh6 30. Be4 Re8 31. Rbd1 Rc8 32. f6+ Kg8 33. e6  1-0

[Event "2025 Washington State Championship - Premier"]
[Site "Lakeside Upper School, 14050 1st Avenue NE, Seattle, WA, USA"]
[Date "2025.02.09"]
[Round "3"]
[Board "2"]
[White "Gottumukkala, Ananth"]
[Black "Sprumont, Oscar"]
[Result "1/2-1/2"]
[WhiteElo "2025"]
[BlackElo "1959"]
[PlyCount "0"]
[EventDate "2025.02.08"]
[EventRounds "9"]
[EventCountry "USA"]

1. e4 e5 2. Nf3 Nc6 3. Bb5 a6 4. Ba4 Nf6 5. O-O Nxe4 6. d4 b5 7. Bb3 d5 8. dxe5 Be6
9. c3 Be7 10. Nbd2 Nc5 11. Bc2 d4 12. Nb3 d3 13. Bb1 Nxb3 14. axb3 Bf5 15. Be3 O-O
16. Bd4 Qd5 17. b4 Bxb4 18. Bxd3 Bxd3 19. Qxd3 Be7 20. Rfd1 Rfd8 21. Qe2 Qe6 22.
Re1 Nb8 23. b4 Nd7 24. Qe3 Rdc8 25. Ng5 Bxg5 26. Qxg5 c5 27. bxc5 Nxc5 28. f4 Qg6
29. Qh4 Nb3 30. Rad1 h5 31. Re3 Nxd4 32. cxd4 Qg4 33. Qxg4 hxg4 34. f5 b4 35. d5
Rc3 36. Rxc3 bxc3 37. Kf2 Kf8 38. Ke3 Rd8 39. Kd4 c2 40. Rc1 Rc8 41. Kd3 Rc5 42.
Rxc2 Rxd5+ 43. Ke4 Rd8 44. Ra2 Ra8 45. Kf4 a5 46. Kxg4 a4 47. Kf4 a3 48. g4 Ra4+
49. Kf3 Ra5 50. h4 Ke7 51. h5 Kf8 52. f6 Rxe5 53. fxg7+ Kxg7 54. Rxa3 Rb5 55. Ra4
Kh6 56. Kf4 Kg7 57. g5 Rb1 58. Kg4 Rg1+ 59. Kf5 Rf1+ 60. Rf4 Ra1 61. h6+ Kg8 62.
Re4 Rf1+ 63. Ke5 Ra1 64. Rf4 Ra5+ 65. Kf6 Ra6+ 66. Kf5 Ra1 67. Kg4 Rg1+ 68. Kh5 Rh1+
69. Rh4 Rg1 70. Rh2 Ra1 71. Rf2 Rh1+ 72. Kg4 Ra1 73. h7+ Kxh7 74. Rxf7+ Kg8 75. Rb7
Ra6 76. Kh5 Rc6 77. g6 Rc1  1/2-1/2

[Event "2025 Washington State Championship - Premier"]
[Site "Lakeside Upper School, 14050 1st Avenue NE, Seattle, WA, USA"]
[Date "2025.02.09"]
[Round "3"]
[Board "3"]
[White "Pupols, Viktors"]
[Black "Larson, Gerald"]
[Result "0-1"]
[WhiteElo "1827"]
[BlackElo "1966"]
[PlyCount "0"]
[EventDate "2025.02.08"]
[EventRounds "9"]
[EventCountry "USA"]

1. d4 Nf6 2. c4 g6 3. Nc3 d5 4. Bg5 Ne4 5. Nxe4 dxe4 6. e3 c5 7. Ne2 Bg7 8. Qd2 h6
9. Bf4 Nd7 10. d5 Ne5 11. Nc3 Bf5 12. Be2 Qb6 13. f3 exf3 14. gxf3 Qb4 15. Nb5 Qxd2+
16. Kxd2 O-O 17. Nc3 Rad8 18. h4 Bc8 19. Ke1 e6 20. Rd1 exd5 21. Rxd5 Rxd5 22. Nxd5
Re8 23. Kf2 f5 24. Rd1 Kf7 25. Nc7 Rh8 26. Nb5 a6 27. Nc7 Bf6 28. Bg3 Nc6 29. b3
Rd8 30. Nd5 Be5 31. f4 Bg7 32. Bf3 b5 33. cxb5 axb5 34. Rc1 Bf8 35. Kf1 Be6 36. Nc7
Nb4 37. a4 Bxb3 38. axb5 Rb8 39. Be1 Bd6 40. Bxb4 cxb4 41. h5 gxh5 42. Bxh5+ Ke7
43. Be2 Rb7 44. Na6 Bd5 45. Ke1 b3 46. Kd2 b2 47. Rb1 Ba3 48. Bd3 Be4 49. Bxe4 fxe4
50. Nc5 Bxc5 51. Rxb2 Ke6 52. Rb1 h5 53. Rg1 Be7 54. Rg6+ Bf6 55. Rh6 Rxb5 56. Rh7
h4 57. Ke2 Rb2+ 58. Kf1 Kf5  0-1

[Event "2025 Washington State Championship - Premier"]
[Site "Lakeside Upper School, 14050 1st Avenue NE, Seattle, WA, USA"]
[Date "2025.02.09"]
[Round "3"]
[Board "4"]
[White "Kuipers, Miles Yongkang"]
[Black "Gavrish, Leonid"]
[Result "0-1"]
[WhiteElo "1936"]
[BlackElo "1919"]
[PlyCount "0"]
[EventDate "2025.02.08"]
[EventRounds "9"]
[EventCountry "USA"]

1. e4 Nf6 2. Nc3 d5 3. e5 Nfd7 4. f4 c5 5. Nf3 Nc6 6. d4 cxd4 7. Nxd4 Nxd4 8. Qxd4
e6 9. f5 Bc5 10. Qf4 exf5 11. Qxf5 O-O 12. Be2 Re8 13. Bg5 Qa5 14. e6 fxe6 15. Qh3
d4 16. Bd3 Nf8 17. Rf1 Ng6 18. Rf6 dxc3 19. Rxg6 cxb2+ 20. Ke2 bxa1=Q 21. Bd2 Qe5+
 0-1

[Event "2025 Washington State Championship - Premier"]
[Site "Lakeside Upper School, 14050 1st Avenue NE, Seattle, WA, USA"]
[Date "2025.02.09"]
[Round "3"]
[Board "5"]
[White "Rozenfeld, Yevgeniy"]
[Black "Zhu, Jamie Zhongyun"]
[Result "1/2-1/2"]
[WhiteElo "1947"]
[BlackElo "1976"]
[PlyCount "0"]
[EventDate "2025.02.08"]
[EventRounds "9"]
[EventCountry "USA"]

1. e4 e5 2. Nf3 Nc6 3. Bc4 Nf6 4. d3 h6 5. c3 d6 6. Nbd2 g5 7. h3 Bg7 8. Bb3 O-O
9. Nf1 d5 10. Qe2 Be6 11. Ng3 Qd6 12. Nh2 Qd7 13. Nh5 Nxh5 14. Qxh5 dxe4 15. dxe4
Bxb3 16. axb3 Qd3 17. Qe2 Rad8 18. Qxd3 Rxd3 19. Ke2 Rfd8 20. Ng4 a6 21. Ne3 R3d7
22. Nd5 Ne7 23. Nxe7+ Rxe7 24. Be3 Red7 25. Rad1 Bf8 26. Rxd7 Rxd7 27. Rd1 Rxd1 28.
Kxd1 b5 29. Ke2 f6 30. g4 Kf7 31. Kd3 Ke6 32. f3  1/2-1/2

[Event "2025 Washington State Championship - Premier"]
[Site "Lakeside Upper School, 14050 1st Avenue NE, Seattle, WA, USA"]
[Date "2025.02.09"]
[Round "4"]
[Board "1"]
[White "Kona, Vidip"]
[Black "Zhu, Jamie Zhongyun"]
[Result "1-0"]
[WhiteElo "2157"]
[BlackElo "1976"]
[PlyCount "0"]
[EventDate "2025.02.08"]
[EventRounds "9"]
[EventCountry "USA"]

1. Nf3 Nf6 2. c4 g6 3. b4 Bg7 4. Bb2 O-O 5. g3 Nc6 6. b5 Na5 7. d3 a6 8. a4 d5 9.
Nbd2 dxc4 10. dxc4 Be6 11. Qc1 axb5 12. axb5 c6 13. bxc6 Nxc6 14. Bg2 Qd7 15. O-O
Bh3 16. Rd1 Bxg2 17. Kxg2 Qe6 18. e3 Rxa1 19. Qxa1 Rd8 20. Qb1 Qd7 21. Bd4 Nxd4 22.
exd4 e6 23. Qb6 Ne8 24. Ne4 Nd6 25. Nxd6 Qxd6 26. Qxb7 Rd7 27. Qb3 Bf6 28. h4 Qc6
29. d5 exd5 30. cxd5 Qb7 31. Qd3 h5 32. Kh2 Kg7 33. Ng5 Bxg5 34. hxg5 Rd6 35. Qd4+
Kh7 36. Qe5 Qb3 37. Qxd6 Qxd1 38. Qe5 Qf3 39. Qd4 h4 40. gxh4 Qf5 41. d6 Qd7 42.
Qf6 Qa7 43. Kg3 Qa3+ 44. Kg2 Qa8+ 45. Qf3 Qa7 46. h5 Qd7 47. hxg6+ Kxg6 48. Qf6+
Kh7 49. g6+ Kh6 50. gxf7+ Kh5 51. Qf3+  1-0

[Event "2025 Washington State Championship - Premier"]
[Site "Lakeside Upper School, 14050 1st Avenue NE, Seattle, WA, USA"]
[Date "2025.02.09"]
[Round "4"]
[Board "2"]
[White "Gavrish, Leonid"]
[Black "Rozenfeld, Yevgeniy"]
[Result "0-1"]
[WhiteElo "1919"]
[BlackElo "1947"]
[PlyCount "0"]
[EventDate "2025.02.08"]
[EventRounds "9"]
[EventCountry "USA"]

1. d4 Nf6 2. c4 g6 3. Nc3 Bg7 4. e4 d6 5. Nf3 O-O 6. Be2 Nbd7 7. O-O e5 8. Re1 a5
9. Bf1 c6 10. d5 Nc5 11. h3 Bd7 12. Nd2 a4 13. Rb1 Qa5 14. Qc2 cxd5 15. cxd5 b5 16.
b4 axb3 17. axb3 Na6 18. Bb2 Bh6 19. Ra1 Qb6 20. Qd1 Rfc8 21. Ndb1 Ra7 22. Qf3 Kg7
23. Bc1 Bxc1 24. Rxc1 Rac7 25. Rd1 Nc5 26. b4 Na6 27. Na2 Rc2 28. Nbc3 Nxb4 29. Nxb4
R2xc3 30. Qe2 R3c4 31. Ra6 Qb7  0-1

[Event "2025 Washington State Championship - Premier"]
[Site "Lakeside Upper School, 14050 1st Avenue NE, Seattle, WA, USA"]
[Date "2025.02.09"]
[Round "4"]
[Board "3"]
[White "Larson, Gerald"]
[Black "Kuipers, Miles Yongkang"]
[Result "1-0"]
[WhiteElo "1966"]
[BlackElo "1936"]
[PlyCount "0"]
[EventDate "2025.02.08"]
[EventRounds "9"]
[EventCountry "USA"]

1. e4 e6 2. d4 d5 3. exd5 exd5 4. Nf3 Bd6 5. Bd3 Ne7 6. O-O Nbc6 7. c3 Bg4 8. Bg5
Qd7 9. Nbd2 O-O 10. Qc2 h6 11. Bh4 Nf5 12. Bg3 Nxg3 13. hxg3 Rfe8 14. b4 Ne7 15.
Ne5 Bxe5 16. dxe5 Nc6 17. f3 Be6 18. f4 Bg4 19. Rae1 d4 20. b5 dxc3 21. Qxc3 Nd4
22. a4 Rad8 23. Re3 Ne6 24. Nb3 c6 25. bxc6 bxc6 26. Rc1 Rb8 27. Be4 Rec8 28. Rd3
Qb7 29. Na5 Qb6+ 30. Kh2 c5 31. Rd6 Qb4 32. Qxb4 Rxb4 33. Nc6 Rb7 34. f5 Ng5 35.
Bd5 Bxf5 36. Rxc5 Re8 37. Nd4 Be4 38. Bxb7 Bxb7 39. Rd7 Be4 40. Rdc7 Kh7 41. Rxa7
Rd8 42. Rc4 Rb8 43. Nb5 Bd3 44. Rb4 Kg6 45. Ra6+ Kh7 46. Rd6 Be2 47. Rd2 Bh5 48.
Ra2 Ne6 49. a5 Nc5 50. a6 Nxa6 51. Rxa6 Be2 52. Ra5 Kg6 53. Kg1  1-0

[Event "2025 Washington State Championship - Premier"]
[Site "Lakeside Upper School, 14050 1st Avenue NE, Seattle, WA, USA"]
[Date "2025.02.09"]
[Round "4"]
[Board "4"]
[White "Sprumont, Oscar"]
[Black "Pupols, Viktors"]
[Result "1/2-1/2"]
[WhiteElo "1959"]
[BlackElo "1827"]
[PlyCount "0"]
[EventDate "2025.02.08"]
[EventRounds "9"]
[EventCountry "USA"]

1. Nf3 Nf6 2. g3 d5 3. Bg2 c6 4. b3 g6 5. Bb2 Bg7 6. O-O O-O 7. c4 a5 8. d3 Re8 9.
Qc2 Na6 10. a3 Bf5 11. Nbd2 Qc8 12. Rfe1 Bh3 13. Bh1 h6 14. e4 dxc4 15. dxc4 Rd8
16. Bd4 Nh5 17. Bxg7 Nxg7 18. Rad1 Nc5 19. Nf1 Bxf1 20. Rxf1 Qc7 21. b4 axb4 22.
axb4 Nce6 23. Qc3 Rxd1 24. Rxd1 Rd8 25. Rxd8+ Qxd8 26. Qd2 Qxd2 27. Nxd2 Nd4 28.
f4 b6 29. Kf2 Nc2 30. b5 cxb5 31. cxb5 Nd4 32. Nc4  1/2-1/2

[Event "2025 Washington State Championship - Premier"]
[Site "Lakeside Upper School, 14050 1st Avenue NE, Seattle, WA, USA"]
[Date "2025.02.09"]
[Round "4"]
[Board "5"]
[White "Vijayakumar, Advaith"]
[Black "Gottumukkala, Ananth"]
[Result "1/2-1/2"]
[WhiteElo "2204"]
[BlackElo "2025"]
[PlyCount "0"]
[EventDate "2025.02.08"]
[EventRounds "9"]
[EventCountry "USA"]

1. d4 Nf6 2. Nc3 d5 3. Bf4 g6 4. e3 Bg7 5. Nb5 Na6 6. Nc3 Nb8 7. Nb5 Na6 8. Nf3 O-O
9. Nc3 Nb8 10. Nb5 Na6 11. Be2 Nh5 12. Bg5 h6 13. Bh4 g5 14. Nd2 gxh4 15. Bxh5 e5
16. dxe5 Bxe5 17. c3 c6 18. Nd4 c5 19. N4f3 Bg7 20. O-O Qf6 21. e4 Nc7 22. Re1 Rd8
23. e5 Qe7 24. Qa4 h3 25. g3 Ne6 26. Rad1 c4 27. Qc2 Nc5 28. Nf1 Nd3 29. Re2 Bf5
30. Qd2 Be4 31. Qe3 Qd7 32. Ne1 Nxe5 33. Qf4 Qe6 34. Nd2 Bg6 35. Bxg6 fxg6 36. Ndf3
Nxf3+ 37. Qxf3 Qf7 38. Red2 d4 39. cxd4 Rd5 40. Qg4 Rf8 41. Nc2 Rf5 42. f4 g5 43.
Ne3 Ra5 44. fxg5 Rxg5 45. Qxh3 Bxd4 46. Rxd4 Qf2+ 47. Kh1 Qxe3 48. Qxh6 Qf3+  1/2-1/2

[Event "2025 Washington State Championship - Premier"]
[Site "Lakeside Upper School, 14050 1st Avenue NE, Seattle, WA, USA"]
[Date "2025.02.15"]
[Round "5"]
[Board "1"]
[White "Gottumukkala, Ananth"]
[Black "Kona, Vidip"]
[Result "0-1"]
[WhiteElo "2025"]
[BlackElo "2157"]
[PlyCount "0"]
[EventDate "2025.02.08"]
[EventRounds "9"]
[EventCountry "USA"]

1. e4 c6 2. d4 d5 3. e5 Bf5 4. h4 h5 5. Bd3 Bxd3 6. Qxd3 e6 7. Bg5 Be7 8. Nf3 Nh6
9. Bxh6 Rxh6 10. g3 c5 11. dxc5 Bxc5 12. Nbd2 Nc6 13. c3 Qc7 14. Qe2 a6 15. Nb3 Ba7
16. Nbd4 Rg6 17. Nxc6 Qxc6 18. O-O-O Qa4 19. Ng5 Qg4 20. Rhe1 Qxe2 21. Rxe2 Rh6 22.
Kb1 Rc8 23. Rd3 Rh8 24. Red2 Ke7 25. b3 b5 26. f4 g6 27. Ne4 Rc7 28. Nf6 Rhc8 29.
Kb2 a5 30. f5 Bb8 31. fxe6 fxe6 32. Nh7 Rxc3 33. Rxc3 Bxe5 34. Re2 Bxc3+ 35. Kc2
Bg7+ 36. Kd2 Bh6+ 37. Kd3 b4 38. Kd4 Rc3 39. Ng5 Bg7+  0-1

[Event "2025 Washington State Championship - Premier"]
[Site "Lakeside Upper School, 14050 1st Avenue NE, Seattle, WA, USA"]
[Date "2025.02.15"]
[Round "5"]
[Board "2"]
[White "Pupols, Viktors"]
[Black "Vijayakumar, Advaith"]
[Result "0-1"]
[WhiteElo "1827"]
[BlackElo "2204"]
[PlyCount "0"]
[EventDate "2025.02.08"]
[EventRounds "9"]
[EventCountry "USA"]

1. d4 Nf6 2. c4 e6 3. Nc3 Bb4 4. Bd2 O-O 5. e3 c5 6. Nf3 cxd4 7. exd4 b6 8. Be2 Bb7
9. O-O Be7 10. Re1 d5 11. Bg5 Nbd7 12. Ne5 dxc4 13. Bxc4 Rc8 14. Qe2 Nxe5 15. dxe5
Nd7 16. Bxe7 Qxe7 17. Ba6 Bxa6 18. Qxa6 Nc5 19. Qe2 a6 20. Rad1 b5 21. h3 h6 22.
Rd4 b4 23. Ne4 Nxe4 24. Qxe4 a5 25. Red1 Qc5 26. Qe3 Qc2 27. R4d2 Qc4 28. b3 Qb5
29. f4 Rc3 30. Qe2 Qxe2 31. Rxe2 Rfc8 32. Kf2 g5 33. fxg5 hxg5 34. Rd4 Kg7 35. h4
gxh4 36. Rxh4 Rc2 37. Re4 Kg6 38. Kf3 Rxe2 39. Rxe2 Kf5 40. g4+ Kg5 41. Rg2 Rh8 42.
Rc2 Rd8 43. Ke4 Kxg4 44. Rc7 Rd2 45. Rxf7 Rxa2 46. Rg7+ Kh5 47. Re7 Rb2 48. Ra7 Rxb3
49. Rxa5 Rb1 0-1

[Event "2025 Washington State Championship - Premier"]
[Site "Lakeside Upper School, 14050 1st Avenue NE, Seattle, WA, USA"]
[Date "2025.02.15"]
[Round "5"]
[Board "3"]
[White "Kuipers, Miles Yongkang"]
[Black "Sprumont, Oscar"]
[Result "1-0"]
[WhiteElo "1936"]
[BlackElo "1959"]
[PlyCount "0"]
[EventDate "2025.02.08"]
[EventRounds "9"]
[EventCountry "USA"]

1. e4 e5 2. Nf3 Nc6 3. Bb5 a6 4. Ba4 Nf6 5. d3 d6 6. O-O Be7 7. c3 O-O 8. Re1 Re8
9. h3 Bf8 10. Bg5 h6 11. Bh4 g5 12. Bg3 Bg7 13. Nbd2 b5 14. Bb3 Bb7 15. d4 Qd7 16.
a4 Rab8 17. axb5 axb5 18. Qe2 Ba8 19. d5 Ne7 20. Ra7 Nc8 21. Ra5 c6 22. Rea1 Bb7
23. dxc6 Bxc6 24. Ne1 d5 25. exd5 Nxd5 26. Ne4 f5 27. Nc5 Qd6 28. Na6 Rb7 29. Nb4
f4 30. Ra6 Ne7 31. Rxc6 Nxc6 32. Bxd5+ Rf7 33. Bxc6 fxg3 34. Nf3 gxf2+ 35. Qxf2 Ref8
36. Bd5 e4 37. Ra6 Qf4 38. Nc6 exf3 39. Ne7+ Kh7 40. Qc2+ Rf5 41. Bg8+ Kh8 42. Ng6+
Kxg8 43. Nxf4 Rxf4 44. gxf3 Rxf3 45. Kg2 Be5 46. Rg6+ Bg7 47. Qe2 R3f4 48. Rb6 Rd8
49. Rxb5 Rff8 50. Rb7 Rfe8 51. Re7 Rf8 52. Qe6+ Kh8 53. Qe3 Rb8 54. Qd2 Rbd8 55.
Rd7 Rde8 56. c4 Re4 57. Rd8 Rxc4 58. Rxf8+ Bxf8 59. Qd8 Kg7 60. b3 Rb4 61. Qd5 Kg6
62. Kf3 h5 63. Qe6+ Kg7 64. Qe5+ Kg6 65. Qe8+ Kg7 66. Qd7+ Kg6 67. Qe6+ Kg7 68. Kg2
Rf4 69. Qe5+ Kg6 70. Qe8+  1-0

[Event "2025 Washington State Championship - Premier"]
[Site "Lakeside Upper School, 14050 1st Avenue NE, Seattle, WA, USA"]
[Date "2025.02.15"]
[Round "5"]
[Board "4"]
[White "Rozenfeld, Yevgeniy"]
[Black "Larson, Gerald"]
[Result "1/2-1/2"]
[WhiteElo "1947"]
[BlackElo "1966"]
[PlyCount "0"]
[EventDate "2025.02.08"]
[EventRounds "9"]
[EventCountry "USA"]

1. e4 e5 2. Nf3 Nf6 3. Nxe5 d6 4. Nf3 Nxe4 5. Nc3 Nxc3 6. dxc3 Be7 7. Be3 Nc6 8.
Qd2 Bf5 9. O-O-O Qd7 10. Bc4 O-O 11. h3 Rae8 12. Rhg1 a6 13. g4 Be4 14. Ng5 Bxg5
15. Bxg5 Ne5 16. Be2 Nf3 17. Bxf3 Bxf3 18. Rde1 Re6 19. Re3 Bc6 20. Rge1 Rfe8 21.
Qd4 f6 22. Bf4 Qf7 23. b3 Kf8 24. Kb2 Rxe3 25. Rxe3 Rxe3 26. Bxe3 Qe6 27. Qf4 Qe4
28. h4 Ke7 29. g5 Qxf4 30. Bxf4 Ke6 31. gxf6 gxf6 32. Bh6 Be4 33. c4 Kf7 34. Kc3
Kg6 35. Bf8 Kh5 36. Be7 Kxh4 37. Bxf6+ Kg4 38. Bd8 c6 39. Bc7 d5 40. cxd5 cxd5 41.
Kd4 Bxc2 42. Kxd5 Bb1 43. Kc5 Bxa2 44. Kb6 Bxb3 45. Kxb7 Bc4 46. Kb6 h5 47. Ka5 h4
 1/2-1/2